[Event "63 Argentino Superior Femenino 2010"]
[Site "Buenos Aires"]
[Date "2010.07.13"]
[Round "8.1"]
[White "Martinez, Ayelen"]
[Black "Plazaola, Maria De Los Angeles"]
[Result "0-1"]
[WhiteElo "2010"]
[BlackElo "2185"]
[PlyCount "100"]
[EventDate "2010.07.05"]

1. e4 c5 2. Nf3 Nc6 3. Bb5 g6 4. O-O Bg7 5. c3 e5 6. d4 cxd4 7. cxd4 exd4 8.
Na3 Nge7 9. Bf4 O-O 10. Bd6 a6 11. Bd3 Re8 12. e5 Nd5 13. Re1 Nf4 14. Rc1 Ne6
15. Be4 f6 16. Qb3 Kh8 17. Nc4 f5 18. Bd5 b5 19. Bxe6 dxe6 20. Na3 Bb7 21. Nxb5
Na5 22. Qb4 axb5 23. Bc7 Qe7 24. Qxb5 Bc6 25. Qb6 Rec8 26. Bd6 Qb7 27. Qxb7
Nxb7 28. Nxd4 Nxd6 29. Nxc6 Nb7 30. f4 Rxa2 31. Nd4 Re8 32. Rc7 Rxb2 33. Nxe6
Rxe6 34. Rc8+ Bf8 35. Rxf8+ Kg7 36. Rc8 Re7 37. Ra1 Rb5 38. h3 Nc5 39. Raa8 Ne6
40. Rg8+ Kh6 41. Ra4 Rd5 42. Kh2 Rd8 43. Rxd8 Nxd8 44. g4 Ne6 45. Kg3 Nc5 46.
Ra8 Ne4+ 47. Kf3 Rc7 48. gxf5 gxf5 49. Ke3 Kh5 50. Kd4 Kh4 0-1

[Event "63 Argentino Superior Femenino 2010"]
[Site "Buenos Aires"]
[Date "2010.07.13"]
[Round "8.2"]
[White "Zuriel, Marisa"]
[Black "Fernandez, Maria Florencia"]
[Result "0-1"]
[WhiteElo "2205"]
[BlackElo "2106"]
[PlyCount "60"]
[EventDate "2010.07.05"]

1. e4 c5 2. Nf3 d6 3. d4 cxd4 4. Nxd4 Nf6 5. Nc3 g6 6. Be3 Bg7 7. Be2 O-O 8. f4
Nc6 9. Nb3 a6 10. g4 b5 11. g5 Nd7 12. h4 Nb6 13. h5 Nc4 14. Bxc4 bxc4 15. Nd2
Rb8 16. Qe2 Rxb2 17. hxg6 hxg6 18. Qh2 Re8 19. Qh7+ Kf8 20. f5 Ne5 21. fxg6
Nxg6 22. Rf1 Bh3 23. Qxh3 Qc8 24. Qh5 Qe6 25. Nd5 c3 26. Nf3 Qxe4 27. Rd1 e6
28. Qh2 exd5 29. Qxd6+ Kg8 30. Rd3 Rb1+ 0-1

[Event "63 Argentino Superior Femenino 2010"]
[Site "Buenos Aires"]
[Date "2010.07.13"]
[Round "8.3"]
[White "Maggiolo, Elisa"]
[Black "Nejanky, Maisa"]
[Result "1-0"]
[WhiteElo "2052"]
[BlackElo "2057"]
[PlyCount "53"]
[EventDate "2010.07.05"]

1. e4 e5 2. Nc3 Nf6 3. f4 d5 4. fxe5 Nxe4 5. Nf3 Bb4 6. a3 Ba5 7. Be2 O-O 8.
O-O Be6 9. Qe1 Nd7 10. d3 Nxc3 11. bxc3 c5 12. Rb1 Qc7 13. Bf4 Rfe8 14. Qh4
Bxc3 15. d4 c4 16. Rbd1 b5 17. Ng5 Nf8 18. Rf3 b4 19. g4 Qb6 20. axb4 Bxb4 21.
Nxh7 Ng6 22. Qh5 Bxg4 23. Qxg4 Kxh7 24. Qh5+ Kg8 25. Rh3 Kf8 26. Bg5 Rxe5 27.
Qh8+ 1-0

[Event "63 Argentino Superior Femenino 2010"]
[Site "Buenos Aires"]
[Date "2010.07.13"]
[Round "8.4"]
[White "Amed, Stephanie"]
[Black "Benedetti, Antonella"]
[Result "1-0"]
[WhiteElo "2208"]
[BlackElo "1950"]
[PlyCount "73"]
[EventDate "2010.07.05"]

1. c4 e5 2. g3 d6 3. Bg2 f5 4. Nc3 Nf6 5. Rb1 Be7 6. d3 O-O 7. e3 c6 8. Nge2 a5
9. O-O Na6 10. a3 Qe8 11. f4 Qh5 12. b4 Ng4 13. h3 Nh6 14. b5 cxb5 15. Nd5 Bd8
16. cxb5 Nc5 17. d4 Ne6 18. dxe5 dxe5 19. fxe5 Nf7 20. Bb2 Re8 21. Nd4 Qxd1 22.
Rbxd1 Nf8 23. Nxf5 Bxf5 24. Rxf5 Ng6 25. Rc1 Rb8 26. b6 Ngxe5 27. Nc7 Re7 28.
Bd4 g6 29. Rff1 Bxc7 30. bxc7 Rc8 31. Bd5 Nc6 32. Bb6 Kg7 33. Bxc6 bxc6 34.
Rxc6 Kh6 35. Bxa5 Ng5 36. h4 Ne4 37. Kg2 1-0

[Event "63 Argentino Superior Femenino 2010"]
[Site "Buenos Aires"]
[Date "2010.07.13"]
[Round "8.5"]
[White "Justo, Virginia"]
[Black "Martyniuk, Carolina Milka"]
[Result "1-0"]
[WhiteElo "2110"]
[BlackElo "1986"]
[PlyCount "73"]
[EventDate "2010.07.05"]

1. e4 g6 2. d4 c6 3. Nc3 d5 4. h3 Nf6 5. e5 Nh5 6. Nf3 Ng7 7. Be2 Ne6 8. Be3
Bg7 9. O-O O-O 10. Qd2 f6 11. exf6 exf6 12. Rad1 Nd7 13. Bh6 Re8 14. Bxg7 Kxg7
15. Rfe1 b5 16. Bf1 Nb6 17. b3 Bd7 18. Nh2 Qc7 19. Ng4 Ng5 20. Bd3 h5 21. Nh2
Ne6 22. Ne2 c5 23. c3 Nc8 24. dxc5 Qxc5 25. Bb1 Nb6 26. Qd3 Nf8 27. Qg3 Rac8
28. Nf3 Qc7 29. Nf4 Kf7 30. Bxg6+ Nxg6 31. Qxg6+ Kf8 32. Qxf6+ Kg8 33. Nxh5 Bc6
34. Qg6+ Kf8 35. Qh6+ Kg8 36. Nf6+ Kf7 37. Ng5# 1-0

[Event "63 Argentino Superior Femenino 2010"]
[Site "Buenos Aires"]
[Date "2010.07.13"]
[Round "8.6"]
[White "Martinez De Negri, M  Agustina"]
[Black "Parma, Pamela"]
[Result "1/2-1/2"]
[WhiteElo "1895"]
[BlackElo "1874"]
[PlyCount "90"]
[EventDate "2010.07.05"]

1. e4 c5 2. c3 d5 3. exd5 Qxd5 4. d4 Nf6 5. Nf3 Nc6 6. Be2 cxd4 7. cxd4 Bf5 8.
Nc3 Qd8 9. d5 Nb8 10. O-O g6 11. Qb3 Bg7 12. Qxb7 Nbd7 13. Nd4 O-O 14. Nc6 Qe8
15. Re1 e5 16. d6 Qe6 17. Nb5 Be4 18. Ne7+ Kh8 19. Qc7 Bd5 20. Bd3 Qg4 21. Nxd5
Nxd5 22. Qa5 N7b6 23. h3 Qd7 24. Be4 f5 25. Bxd5 Nxd5 26. Rd1 Nf6 27. Nc7 Rac8
28. Qxa7 Ne4 29. Be3 Nxd6 30. Rac1 Qe7 31. Nd5 Qxa7 32. Bxa7 Nb5 33. Bc5 Rfd8
34. a4 Nd4 35. Bxd4 exd4 36. Nb6 Rxc1 37. Rxc1 d3 38. b4 Bc3 39. Nc4 Bxb4 40.
Ne5 Ra8 41. Nxd3 Rxa4 42. Nxb4 Rxb4 43. Rc7 h5 44. Kh2 Kg8 45. Kg3 h4+ 1/2-1/2

[Event "63 Argentino Superior Femenino 2010"]
[Site "Buenos Aires"]
[Date "2010.07.13"]
[Round "8.7"]
[White "Malajovich, Sandra"]
[Black "Denon, Nicole"]
[Result "1-0"]
[WhiteElo "2098"]
[BlackElo "1671"]
[PlyCount "132"]
[EventDate "2010.07.05"]

1. d4 Nf6 2. Nf3 c5 3. d5 d6 4. c4 g6 5. Nc3 Bg7 6. e4 Nbd7 7. Be2 O-O 8. O-O
a6 9. a4 Qc7 10. Bf4 Nh5 11. Bg5 Re8 12. Ne1 Nhf6 13. f4 Nf8 14. Nd3 h6 15. Bh4
e6 16. e5 N6h7 17. Ne4 dxe5 18. d6 Qc6 19. Bf3 Qb6 20. fxe5 Nd7 21. Bf2 Nxe5
22. Nxe5 Bxe5 23. Nxc5 Qxd6 24. Qxd6 Bxd6 25. Nxb7 Bxb7 26. Bxb7 Rab8 27. Bxa6
Rxb2 28. c5 Bc7 29. c6 Rd8 30. Rfd1 Rxd1+ 31. Rxd1 Rc2 32. Bb5 Nf6 33. h3 Nd5
34. Bd4 Kf8 35. Ra1 Ba5 36. Be5 Ke7 37. g4 f6 38. Bb8 Nb4 39. Rd1 Bb6+ 40. Kh1
Nd5 41. Ra1 Ba5 42. Rb1 Bb6 43. Ra1 Ba5 44. Rb1 g5 45. Bd3 Rxc6 46. Rb7+ Bc7
47. a5 Rc1+ 48. Kg2 Kd8 49. a6 Kc8 50. Bxc7 Rxc7 51. Rxc7+ Kxc7 52. Kf3 Kb6 53.
Ke4 Nb4 54. Bc4 e5 55. Kf5 Nxa6 56. Kxf6 e4 57. Kg6 Nb4 58. Kxh6 Kc5 59. Bf1
Kd5 60. Kxg5 Ke5 61. h4 Nd3 62. Kh6 Nf4 63. g5 Kf5 64. h5 Ne6 65. Bh3+ Ke5 66.
Bxe6 Kxe6 1-0

[Event "63 Argentino Superior Femenino 2010"]
[Site "Buenos Aires"]
[Date "2010.07.14"]
[Round "9.1"]
[White "Plazaola, Maria De Los Angeles"]
[Black "Amed, Stephanie"]
[Result "1/2-1/2"]
[WhiteElo "2185"]
[BlackElo "2208"]
[PlyCount "134"]
[EventDate "2010.07.05"]

1. e4 e6 2. d4 d5 3. Nc3 Bb4 4. e5 b6 5. Qg4 Bf8 6. Bd3 Ba6 7. Nge2 Qd7 8. Ng3
c5 9. dxc5 bxc5 10. Bxa6 Nxa6 11. O-O g6 12. h4 h5 13. Qe2 Nc7 14. Bg5 Be7 15.
Bxe7 Qxe7 16. Nb5 Nxb5 17. Qxb5+ Kf8 18. c4 Rd8 19. Rad1 Kg7 20. Rfe1 Nh6 21.
cxd5 exd5 22. Qc6 Ng4 23. Rxd5 Rxd5 24. Qxd5 Rd8 25. Qf3 Rd2 26. Ne4 Qxe5 27.
Qc3 Qxc3 28. bxc3 Rxa2 29. f3 Nf6 30. Nxc5 Rc2 31. Ne4 Nxe4 32. Rxe4 Rxc3 33.
Ra4 Rc7 34. Ra6 Rc4 35. Rxa7 Rxh4 36. Kf2 Rc4 37. Kg3 g5 38. Rb7 Kg6 39. Ra7
Rc2 40. Rb7 h4+ 41. Kh3 Rc3 42. Kh2 f6 43. Rb6 Rc5 44. Kh3 Rf5 45. Ra6 Rf4 46.
Rb6 Kh5 47. Ra6 Kg6 48. Rb6 Kf5 49. Ra6 Ke5 50. Ra5+ Kd4 51. Ra4+ Ke3 52. Ra3+
Kd4 53. Ra4+ Ke5 54. Ra5+ Ke6 55. Ra6+ Kf7 56. Ra7+ Kg6 57. Ra6 Rb4 58. Rc6 Kf5
59. Ra6 Ke5 60. Kh2 f5 61. Rh6 Kf4 62. Rh8 Rb2 63. Rh7 Rc2 64. Rf7 Rc1 65. Rh7
Rf1 66. Rh8 Rf2 67. Rh7 Rd2 1/2-1/2

[Event "63 Argentino Superior Femenino 2010"]
[Site "Buenos Aires"]
[Date "2010.07.14"]
[Round "9.2"]
[White "Maggiolo, Elisa"]
[Black "Martinez, Ayelen"]
[Result "0-1"]
[WhiteElo "2052"]
[BlackElo "2010"]
[PlyCount "58"]
[EventDate "2010.07.05"]

1. e4 c5 2. Nc3 Nc6 3. g3 g6 4. Bg2 Bg7 5. d3 e6 6. f4 Nge7 7. Nf3 O-O 8. O-O
d5 9. e5 a6 10. a4 Rb8 11. Ne2 d4 12. g4 b5 13. axb5 axb5 14. Ng3 Nb4 15. Ne4
Ned5 16. g5 h5 17. Nf6+ Bxf6 18. gxf6 Bb7 19. Ng5 Ne3 20. Bxe3 Bxg2 21. Kxg2
dxe3 22. Ne4 Qd4 23. Rg1 c4 24. Kh3 e2 25. Qxe2 cxd3 26. Qxh5 Qe3+ 27. Kh4
Qxf4+ 28. Rg4 Qxh2+ 29. Kg5 Qxh5+ 0-1

[Event "63 Argentino Superior Femenino 2010"]
[Site "Buenos Aires"]
[Date "2010.07.14"]
[Round "9.3"]
[White "Zuriel, Marisa"]
[Black "Justo, Virginia"]
[Result "1-0"]
[WhiteElo "2205"]
[BlackElo "2110"]
[PlyCount "61"]
[EventDate "2010.07.05"]

1. e4 c5 2. Nf3 e6 3. d4 cxd4 4. Nxd4 a6 5. Bd3 Bc5 6. Nb3 Be7 7. Be3 d6 8. f4
Qc7 9. N1d2 Nf6 10. Qf3 Nc6 11. c3 Rb8 12. a4 b6 13. O-O O-O 14. Nd4 Bb7 15.
Qh3 g6 16. f5 exf5 17. exf5 Ne5 18. Bc2 Qd7 19. Bg5 Nfg4 20. f6 Bd8 21. Rae1 h5
22. Qh4 Nc6 23. h3 Nge5 24. Nf5 Re8 25. Ng7 Rf8 26. Nxh5 b5 27. Ng3 Bb6+ 28.
Kh2 Nd8 29. Nf5 gxf5 30. Bxf5 Ng6 31. Qh6 1-0

[Event "63 Argentino Superior Femenino 2010"]
[Site "Buenos Aires"]
[Date "2010.07.14"]
[Round "9.4"]
[White "Fernandez, Maria Florencia"]
[Black "Benedetti, Antonella"]
[Result "1/2-1/2"]
[WhiteElo "2106"]
[BlackElo "1950"]
[PlyCount "132"]
[EventDate "2010.07.05"]

1. d4 Nf6 2. c4 e5 3. dxe5 Ng4 4. Nf3 Bc5 5. e3 Nc6 6. Nc3 Ngxe5 7. Be2 O-O 8.
O-O Re8 9. Nd5 Nxf3+ 10. Bxf3 Ne5 11. b4 Bf8 12. c5 a5 13. Bd2 axb4 14. Bxb4
Ra6 15. g3 Nxf3+ 16. Qxf3 d6 17. Rfd1 dxc5 18. Bc3 Rd6 19. e4 Qg5 20. Qg2 Qh5
21. e5 Bg4 22. exd6 Bxd1 23. Nf4 Qf3 24. dxc7 Bd6 25. Nd5 Qd3 26. Qh3 f5 27.
Ne3 Bg4 28. Qg2 Qxc3 29. Qd5+ Kh8 30. Rb1 Bxc7 31. Qf7 Qe5 32. Rxb7 Bh3 33. Rb1
Qe7 34. Qxe7 Rxe7 35. Nd5 Rd7 36. Nxc7 h6 37. Ne6 Ra7 38. Rb2 c4 39. Nf4 Bg4
40. Kg2 Bd1 41. Nd5 Ra3 42. Ne3 c3 43. Rb8+ Kh7 44. Rc8 c2 45. Nxc2 Bf3+ 46.
Kf1 Rxa2 47. Ke1 Be4 48. Nd4 Kg6 49. Rc7 Rb2 50. Ne6 Rb7 51. Nf4+ Kg5 52. Ne6+
Kg6 53. Nf4+ Kg5 54. Ne6+ Kg6 55. Rxb7 Bxb7 56. Kd2 Bc8 57. Nf4+ Kf6 58. Ke3 g5
59. Nd3 Ba6 60. Nc5 Bf1 61. Kd4 Bg2 62. f4 gxf4 63. gxf4 Bc6 64. Nd3 Bg2 65.
Ne5 Ke6 66. Ng6 Kf6 1/2-1/2

[Event "63 Argentino Superior Femenino 2010"]
[Site "Buenos Aires"]
[Date "2010.07.14"]
[Round "9.5"]
[White "Nejanky, Maisa"]
[Black "Martinez De Negri, M  Agustina"]
[Result "1-0"]
[WhiteElo "2057"]
[BlackElo "1895"]
[PlyCount "71"]
[EventDate "2010.07.05"]

1. b3 e5 2. Bb2 Nc6 3. e3 f6 4. d4 Nge7 5. d5 Nb8 6. c4 Ng6 7. Bd3 Bc5 8. h4
Qe7 9. h5 Nf8 10. Nd2 a5 11. a3 d6 12. b4 Bb6 13. Qb1 c6 14. Ne2 Qf7 15. Ne4
Bc7 16. h6 g6 17. f4 Qe7 18. fxe5 dxe5 19. Bc3 f5 20. Nd2 Rg8 21. Qb2 Nbd7 22.
e4 Nf6 23. Ng1 Nh5 24. Ngf3 Nf4 25. Bf1 Nd7 26. g3 Nh5 27. Rg1 c5 28. b5 g5 29.
O-O-O g4 30. Ne1 f4 31. gxf4 Nxf4 32. Nd3 Nxd3+ 33. Bxd3 Qg5 34. Be2 Nf6 35.
Kb1 Nd7 36. Rxg4 1-0

[Event "63 Argentino Superior Femenino 2010"]
[Site "Buenos Aires"]
[Date "2010.07.14"]
[Round "9.6"]
[White "Parma, Pamela"]
[Black "Malajovich, Sandra"]
[Result "0-1"]
[WhiteElo "1874"]
[BlackElo "2098"]
[PlyCount "232"]
[EventDate "2010.07.05"]

1. e4 c5 2. d4 cxd4 3. c3 dxc3 4. Nxc3 d6 5. Bc4 Nc6 6. Nf3 Nf6 7. h3 e6 8. O-O
Be7 9. Qe2 O-O 10. Rd1 Ne8 11. Bf4 a6 12. Rac1 Qa5 13. a3 Qh5 14. Na4 Bd8 15.
Bd3 e5 16. Be3 f5 17. Bb6 Be7 18. Bc4+ Kh8 19. exf5 Bxf5 20. Nd4 Qxe2 21. Nxe2
Nf6 22. Bc7 Rac8 23. Bxd6 b5 24. Bxb5 axb5 25. Nb6 Bxd6 26. Nxc8 Rxc8 27. Rxd6
Ne7 28. Rxc8+ Bxc8 29. Rd8+ Nfg8 30. Nc3 b4 31. Ne4 bxa3 32. bxa3 h6 33. Nd6
Be6 34. a4 Kh7 35. Ne4 Bb3 36. Re8 Bxa4 37. Rd8 Bc6 38. Nc5 Kg6 39. Kh2 Kf7 40.
Nd3 Ke6 41. Nb4 Nf6 42. Rd3 Be4 43. Re3 Ned5 44. Nxd5 Bxd5 45. f4 e4 46. g4 Bc6
47. Kg3 g5 48. fxg5 hxg5 49. h4 gxh4+ 50. Kxh4 Ke5 51. g5 Nd5 52. Re1 Kf5 53.
g6 Ne7 54. g7 Kf6 55. Kg3 Ke5 56. Kg4 Bd5 57. Kg5 Ng8 58. Kg6 Kd4 59. Kh7 Ne7
60. Kh8 e3 61. Rg1 e2 62. Kh7 Ke3 63. Kh6 Kf2 64. Rc1 Bb3 65. Rh1 Kg2 66. Re1
Kf2 67. Rh1 e1=Q 68. Rxe1 Kxe1 69. Kg5 Ke2 70. Kf6 Ng8+ 71. Kg6 Kf3 72. Kg5 Ke4
73. Kg6 Ke5 74. Kg5 Ke6 75. Kg6 Bc2+ 76. Kg5 Kf7 77. Kf4 Kxg7 78. Ke5 Nf6 79.
Kd4 Kg6 80. Ke5 Bf5 81. Kd4 Nd7 82. Kd5 Kf6 83. Kd4 Ke6 84. Kc4 Ke5 85. Kc3 Kd5
86. Kb4 Kd4 87. Kb5 Be4 88. Kb4 Bc6 89. Kb3 Nc5+ 90. Kb4 Ne4 91. Kb3 Bd5+ 92.
Kb4 Nc3 93. Ka3 Kc4 94. Kb2 Na4+ 95. Kc2 Be4+ 96. Kd2 Kd4 97. Ke2 Nb2 98. Kf2
Nd3+ 99. Kg3 Ke5 100. Kg4 Kf6 101. Kh5 Ne5 102. Kh6 Ng4+ 103. Kh5 Kf5 104. Kh4
Kf4 105. Kh5 Bf5 106. Kh4 Bg6 107. Kh3 Ne3 108. Kh4 Ng2+ 109. Kh3 Kf3 110. Kh2
Kf2 111. Kh1 Nf4 112. Kh2 Bf5 113. Kh1 Nd5 114. Kh2 Ne3 115. Kh1 Be6 116. Kh2
Nf1+ 0-1

[Event "63 Argentino Superior Femenino 2010"]
[Site "Buenos Aires"]
[Date "2010.07.14"]
[Round "9.8"]
[White "Denon, Nicole"]
[Black "Martinez, Luciana"]
[Result "1-0"]
[WhiteElo "1671"]
[BlackElo "1502"]
[PlyCount "52"]
[EventDate "2010.07.05"]

1. e4 c5 2. Nc3 Nc6 3. f4 e5 4. fxe5 Nxe5 5. Nf3 d6 6. Bb5+ Bd7 7. Bxd7+ Qxd7
8. O-O Nf6 9. d3 Be7 10. Qe1 O-O 11. Bg5 Qg4 12. Qe3 h6 13. Nxe5 dxe5 14. Bxf6
Bxf6 15. Qxc5 b6 16. Qe3 Bg5 17. Qf3 Qd7 18. Nd5 Rac8 19. c3 Rfd8 20. Rf2 f5
21. Qxf5 Qb5 22. c4 Qc5 23. Qxe5 Rf8 24. Raf1 Rxf2 25. Rxf2 Rf8 26. d4 Rxf2 1-0